Five Nights at Freddy's Characters - Statistics

General Stats
  • This quiz has been taken 108 times
    103 since last reset
  • The average score is 85 of 167
Answer Stats
Hint Answer % Correct
FNaF Freddy Fazbear
100%
FNaF Chica
98%
FNaF Foxy
98%
FNaF Bonnie
95%
FNaF 2 Balloon Boy
90%
FNaF SL Circus Baby
90%
FNaF 2 Marionette
90%
FNaF 4 Nightmare
90%
FNaF Golden Freddy
88%
FNaF 2 Toy Bonnie
88%
FNaF 2 Toy Chica
85%
FNaF 2 Toy Freddy
85%
FNaF SL Ballora
83%
FNaF 2 Funtime Foxy
83%
FNaF 2 Mangle
83%
FNaF 4 Nightmare Bonnie
83%
FNaF 4 Nightmare Chica
83%
FNaF 4 Nightmare Foxy
83%
FNaF 4 Nightmare Freddy
83%
FNaF 3 Springtrap
83%
FNaF SL Funtime Foxy
80%
FNaF SL Funtime Freddy
80%
FNaF 3 Phantom Chica
80%
FNaF 3 Phantom Foxy
80%
FNaF 3 Phantom Freddy
80%
FNaF 2 Withered Bonnie
80%
FNaF 2 Withered Chica
80%
FNaF 2 Withered Foxy
80%
FNaF 2 Withered Freddy
80%
FNaF 2 JJ
78%
FNaF 2 Shadow Freddy
78%
FNaF SL Bon Bon
76%
FNaF SL Ennard
76%
FNaF SB Glamrock Freddy
76%
FNaF 4 Nightmare Balloon Boy
76%
FNaF 4 Plushtrap
76%
FFPS Scrap Baby
76%
FFPS Scraptrap
76%
FNaF 2 Shadow Bonnie
76%
FNaF 4 Nightmare Fredbear
73%
FNaF 4 Nightmarionne
73%
FNaF 3 Phantom Balloon Boy
73%
FNaF SB Roxanne Wolf
73%
FNaF SB Glamrock Chica
71%
FFPS Molten Freddy
71%
FNaF Mr. Cupcake
71%
FNaF 3 Phantom Marionette
71%
FNaF SL Bonnet
68%
FFPS Funtime Chica
68%
FFPS Lefty
68%
FNaF 1 Phone Guy
68%
FNaF EndoSkeleton 01
66%
FNaF 4 Jack O' Bonnie
66%
FNaF 4 Jack O' Chica
66%
FNaF SL Lolbit
66%
FNaF 3 Phantom Mangle
66%
FNaF 2 Withered Golden Freddy
66%
FNaF SL Bidybab
63%
FFPS Happy Frog
63%
FNaF SB Montgomery Gator
63%
FNaF 4 Nightmare Cupcake
63%
FNaF 4 Nightmare Mangle
63%
FFPS Rockstar Freddy
63%
FNaF 3 William Afton
63%
FNaF SL Yenndo
63%
FNaF 2 EndoSkeleton 02
61%
FNaF 4 Freddles
61%
FNaF SL Minireena
61%
FFPS Rockstar Bonnie
61%
FFPS Rockstar Chica
61%
FFPS Rockstar Foxy
61%
FNaF SB Vanny
61%
FNaF 4 Fredbear
59%
FNaF 1 Mike Schmidt
59%
FFPS Mr. Hippo
59%
FFPS Nedd Bear
59%
FFPS El Chip
56%
FFPS Helpy
56%
FFPS Music Man
56%
FFPS Orville Elephant
56%
FNaF 2 Toy Cupcake
56%
FNaF SL Electrobab
54%
FNaF SL Elizabeth Afton
54%
FNaF HW Glitchtrap
54%
FFPS Henry Emily
54%
FNaF 3 Phantom Cupcake
54%
FFPS Pigpatch
51%
FNaF 3 Spring Bonnie
51%
FNaF 2 Crying Child
49%
FNaF HW Dreadbear
49%
FNaF 2 Jeremy Fitzgerald
49%
FNaF 2 Paper Pals
49%
FFPS Mr. Hugs
46%
FFPS No.1 Crate
46%
FNaF 3 Phone Dude
46%
FNaF HW Plush Baby
46%
FFPS Bucket Bob
44%
FFPS Candy Cadet
44%
FNaF SL Michael Afton
44%
FFPS Fruit Punch Clown
41%
FFPS Mr. Can Do
41%
FFPS Pan Stan
41%
FNaF 2 Fritz Smith
39%
FFPS Funtime Cupcake
39%
FNaF HW Grimm Foxy
39%
FFPS Lemonade Clown
39%
FFPS Security Puppet
39%
FFPS Egg Baby
37%
FNAF AR Freddy Frostbear
37%
FNaF 4 Jack O' Lantern
37%
UCN XOR
37%
FNaF 3 Golden Cupcake
34%
FNaF SB Moon Drop
34%
FFPS Parrot
34%
FFPS Prize King
34%
FNaF SL Little Joe
32%
FFPS Charlotte Emily
29%
FNaF SL Magician
29%
FNaF 3 Security Guard
29%
FNaF AR Clown Springtrap
27%
FNaF AR Liberty Chica
27%
FNaF HW Nightmare Endoskeleton
27%
FNaF AR VR Toy Freddy
27%
FNaF AR 8-Bit Baby
24%
FNaF 4 Evan Afton
24%
FNaF 1 Missing Children
24%
FNaF AR Shamrock Freddy
24%
FNaF SB Sun Rise
24%
TTO Twisted Bonnie
24%
TTO Twisted Chica
24%
TTO Twisted Foxy
24%
TTO Twisted Freddy
24%
FNaF AR Black Ice Frostbear
22%
FNaF AR Chocolate Bonnie
22%
FNaF AR Easter Bonnie
22%
FNaF AR Flaming Springtrap
22%
FNaF 4 Fredbear Plush
22%
FNaF SL Technicians
22%
FNaF AR Toxic Springtrap
22%
TTO Twisted Wolf
22%
FNaF SL Dark Springtrap
20%
FNaF AR High Score Toy Chica
20%
FNaF AR Woodland Toy Freddy
20%
FNaF AR Arctic Ballora
17%
FNaF AR Black Heart Bonnie
17%
FNaF AR Boulder Toy Bonnie
17%
TSE Ella
17%
FNaF AR Firework Freddy
17%
FNaF AR Heart Sick Baby
17%
FNaF AR Poop Bonnie
17%
FNaF AR Radioactive Foxy
17%
FNaF AR Ringmaster Foxy
17%
FNaF AR Scorching Chica
17%
TSE Stanley
17%
FNaF AR System Error Toy Bonnie
17%
TSE Theodore
17%
FNaF AR Big Bad Foxy
15%
FNaF AR Broiler Baby
15%
FNaF AR Catrina Toy Chica
15%
FNaF AR Frost Plushtrap
15%
FNaF AR Little Red Chica
15%
FNaF AR Magician Mangle
15%
FNaF AR Flamethrower Endo
12%
FNaF AR Frostbite Balloon Boy
12%
FNaF AR The Curse
12%
FNaF AR Serpent Mangle
10%
FNaF AR Swamp Balloon Boy
10%
No matching quizzes found
Score Distribution
Percent of People with Each Score
Percentile by Number Answered
Your Score History
You have not taken this quiz since the last reset